Представление документа в формате MARC21

Поле Инд. ПП Название Значение
Тип записи a
Библиографический уровень m
001 Контрольный номер d697deba-1298-4846-8638-e7c33ee9b159
005 Дата корректировки 20140703143113.5
008 Кодируемые данные 051111
020 a ISBN 5-238-00636-5
c Цена, тираж 104.00
040 a Служба первич. каталог. НБ ТвГУ
041 a Код языка текста rus
080 a Индекс УДК 330.45(075.8)
084 a Индекс другой классификации/Индекс ББК У.в635я73-1
090 x Авторский знак И88
a Полочн. индекс У.в635
245 10 a Заглавие Исследование операций в экономике
b Продолж. заглавия учеб. пособие для студентов вузов, обучающихся по экон. специальностям
c Ответственность [Н. Ш. Кремер, Б. А. Путко, И. М. Тришин, М. Н. Фридман] ; под ред. Н. Ш. Кремера
260 0_ a Место издания Москва
b Издательство ЮНИТИ
c Дата издания 2005
300 a Объем 407 с.
b Иллюстрации/ тип воспроизводства ил.
504 a Библиография Библиогр.: с. 393-394. - Предм. указ.: с. 395-402.
583 a Действие Получение впервые 319 01.11.2005
k Исполнитель действия ООО "Издательство ЮНИТИ-ДАНА"
583 a Действие Приписка 102 03.04.2006
k Исполнитель действия ООО "Издательство ЮНИТИ-ДАНА"
650 a Основная рубрика Экономика
x Основная подрубрика Математические методы
x Основная подрубрика Исследование операций
x Основная подрубрика Кибернетические методы
x Основная подрубрика Учебники для вузов
653 a Ключевые слова Экономика
a Ключевые слова Исследование операций в экономике
a Ключевые слова Математические методы в экономике
a Ключевые слова Кибернетические методы в экономике
a Ключевые слова Математическое программирование
700 1_ a Другие авторы Кремер Наум Шевелевич
e Роль лиц авт., ред.
700 1_ a Другие авторы Путко Борис Александрович
e Роль лиц авт.
700 1_ a Другие авторы Тришин Иван Михайлович
e Роль лиц авт.
700 1_ a Другие авторы Фридман Мира Нисоновна
e Роль лиц авт.
852 t Порядковый номер экземпляра 43
p Инвентарный номер 822859
p Инвентарный номер 822860
p Инвентарный номер 822861
p Инвентарный номер 836584 120.00
p Инвентарный номер 836585 120.00
p Инвентарный номер 836586 120.00
p Инвентарный номер 836587 120.00
p Инвентарный номер 836588 120.00
p Инвентарный номер 836589 120.00
p Инвентарный номер 836590 120.00
p Инвентарный номер 836591 120.00
p Инвентарный номер 836592 120.00
p Инвентарный номер 836593 120.00
p Инвентарный номер 836594 120.00
p Инвентарный номер 836595 120.00
p Инвентарный номер 836596 120.00
p Инвентарный номер 836597 120.00
p Инвентарный номер 836598 120.00
p Инвентарный номер 836599 120.00
p Инвентарный номер 836600 120.00
p Инвентарный номер 836601 120.00
p Инвентарный номер 836602 120.00
p Инвентарный номер 836603 120.00
p Инвентарный номер 836604 120.00
p Инвентарный номер 836605 120.00
p Инвентарный номер 836606 120.00
p Инвентарный номер 836607 120.00
p Инвентарный номер 836608 120.00
p Инвентарный номер 836609 120.00
p Инвентарный номер 836610 120.00
p Инвентарный номер 836611 120.00
p Инвентарный номер 836612 120.00
p Инвентарный номер 836613 120.00
p Инвентарный номер 836614 120.00
p Инвентарный номер 836615 120.00
p Инвентарный номер 836616 120.00
p Инвентарный номер 836617 120.00
p Инвентарный номер 836618 120.00
p Инвентарный номер 836619 120.00
p Инвентарный номер 836620 120.00
p Инвентарный номер 836621 120.00
p Инвентарный номер 836622 120.00
p Инвентарный номер 836623 120.00
863 t 00146126
863 t 00146127
863 t 00146128
863 t 00146129
863 t 00146130
863 t 00146131
863 t 00146132
863 t 00146133
863 t 00146134
863 t 00146135
863 t 00107887
863 t 00146136
863 t 00107888
863 t 00146137
863 t 00107889
863 t 00146138
863 t 00146139
863 t 00146113
863 t 00146140
863 t 00146114
863 t 00146141
863 t 00146115
863 t 00146142
863 t 00146116
863 t 00146143
863 t 00146117
863 t 00146144
863 t 00146118
863 t 00146145
863 t 00146119
863 t 00146146
863 t 00146120
863 t 00146147
863 t 00146121
863 t 00146148
863 t 00146122
863 t 00146149
863 t 00146123
863 t 00146150
863 t 00146124
863 t 00146151
863 t 00146125
863 t 00146152
888 a За счет средств университета
930 a Новая/Ретро учебники
952 p 319.2005 104.00 1 822859
p 319.2005 104.00 1 822860
p 319.2005 104.00 1 822861
p 102.2006 120.00 1 836584
p 102.2006 120.00 1 836585
p 102.2006 120.00 1 836586
p 102.2006 120.00 1 836587
p 102.2006 120.00 1 836588
p 102.2006 120.00 1 836589
p 102.2006 120.00 1 836590
p 102.2006 120.00 1 836591
p 102.2006 120.00 1 836592
p 102.2006 120.00 1 836593
p 102.2006 120.00 1 836594
p 102.2006 120.00 1 836595
p 102.2006 120.00 1 836596
p 102.2006 120.00 1 836597
p 102.2006 120.00 1 836598
p 102.2006 120.00 1 836599
p 102.2006 120.00 1 836600
p 102.2006 120.00 1 836601
p 102.2006 120.00 1 836602
p 102.2006 120.00 1 836603
p 102.2006 120.00 1 836604
p 102.2006 120.00 1 836605
p 102.2006 120.00 1 836606
p 102.2006 120.00 1 836607
p 102.2006 120.00 1 836608
p 102.2006 120.00 1 836609
p 102.2006 120.00 1 836610
p 102.2006 120.00 1 836611
p 102.2006 120.00 1 836612
p 102.2006 120.00 1 836613
p 102.2006 120.00 1 836614
p 102.2006 120.00 1 836615
p 102.2006 120.00 1 836616
p 102.2006 120.00 1 836617
p 102.2006 120.00 1 836618
p 102.2006 120.00 1 836619
p 102.2006 120.00 1 836620
p 102.2006 120.00 1 836621
p 102.2006 120.00 1 836622
p 102.2006 120.00 1 836623
c Вид литературы К ру
954 a Дата поступления на обработку 20051201
999 a Подразделение 2 Фил1